Normal view
MARC view
Entry Personal Name
001 - CONTROL NUMBER
- control field: 8822
003 - CONTROL NUMBER IDENTIFIER
- control field: OSt
005 - DATE AND TIME OF LATEST TRANSACTION
- control field: 20160516162733.0
008 - FIXED-LENGTH DATA ELEMENTS
- fixed length control field: 160516|| aca||aabn | a|a d
040 ## - CATALOGING SOURCE
- Original cataloging agency: OSt
- Transcribing agency: OSt
100 ## - HEADING--PERSONAL NAME
- Personal name: Edited by Mueller,M.Gregory;[et.....al]
670 ## - SOURCE DATA FOUND
- Source citation: Work cat.: (OSt): Edited by Mueller,M.Gregory;[et.....al], Biodiversity of Fungi., 2004.
